| 000 | 00597nam a22002057a 4500 | ||
|---|---|---|---|
| 999 |
_c11623 _d11623 |
||
| 003 | AR-CdUCM | ||
| 008 | 190404b ||||| |||| 00| 0 spa d | ||
| 040 |
_aMUNICIPALIDAD PROVINCIAL DEL CUSCO _cBIBLIOTECA MUNICIPAL DEL CUSCO |
||
| 082 |
_a869.26 / 1923 _bU26D |
||
| 100 |
_aUgarte, Manuel _915422 |
||
| 245 | _aEl destino de un continente / | ||
| 260 |
_aMadrir : _bEdit.Mundo Latino, _c1923. |
||
| 300 |
_a429 paginas ; _c18 cm. |
||
| 505 | _aContenido :Cuentos / | ||
| 650 |
_aLiteratura _983 |
||
| 650 |
_aCuentos _9217 |
||
| 650 |
_aSiglo XX _98 |
||
| 942 |
_2ddc _cLIBROS |
||
| 945 | _arjall | ||